000 00675nam a2200265Ia 4500
005 20260121170326.0
008 008 260114s9999 xx 000 0 eng d
020 _a9783319722696
037 _aEBOOK
040 _aCRL
040 _beng
040 _cCRL
041 _2eng
041 _aeng
084 _qCRL
100 _aBarry Down, John Smyth, Janean Robinson
_91062517
245 0 _aRethinking School-to-Work Transitions in Australia
260 _bSpringer
260 _bSpringer
260 _c2018
856 _uhttps://link.springer.com/openurl?genre=book&isbn=978-3-319-72269-6
942 _cEBOOK
999 _c1628246
_d1628246